U.S. Cities by Picture #2 - Statistics

General Stats
  • This quiz has been taken 253 times
  • The average score is 8 of 20
Answer Stats
Picture Answer % Correct
Seattle
98%
Denver
71%
Boston
69%
Portland
60%
Phoenix
55%
Kansas City
51%
Columbus
44%
Indianapolis
43%
Oklahoma City
43%
Milwaukee
38%
Boise
33%
Omaha
28%
Sacramento
27%
Reno
21%
Jersey City
20%
Des Moines
18%
El Paso
17%
Baton Rouge
16%
Corpus Christi
6%
Ann Arbor
3%
No matching quizzes found
Score Distribution
Percent of People with Each Score
Percentile by Number Answered
Your Score History
You have not taken this quiz